Elementary Algebra, part 2 / (Record no. 913)
[ view plain ]
| 000 -LEADER | |
|---|---|
| fixed length control field | 00667nam a2200205 4500 |
| 003 - CONTROL NUMBER IDENTIFIER | |
| control field | OSt |
| 005 - DATE AND TIME OF LATEST TRANSACTION | |
| control field | 20200617124831.0 |
| 008 - FIXED-LENGTH DATA ELEMENTS--GENERAL INFORMATION | |
| fixed length control field | 200617b ||||| |||| 00| 0 eng d |
| 020 ## - INTERNATIONAL STANDARD BOOK NUMBER | |
| International Standard Book Number | 0395278961 |
| 040 ## - CATALOGING SOURCE | |
| Original cataloging agency | KABLIB |
| Transcribing agency | KABLIB |
| Modifying agency | KABLIB |
| 082 ## - DEWEY DECIMAL CLASSIFICATION NUMBER | |
| Edition number | 23 |
| Classification number | 512.9 |
| Item number | DEN |
| 100 ## - MAIN ENTRY--PERSONAL NAME | |
| Personal name | Denholm, Richard A. |
| Relator term | Author |
| 9 (RLIN) | 2746 |
| 245 ## - TITLE STATEMENT | |
| Title | Elementary Algebra, part 2 / |
| Statement of responsibility, etc. | Richard A. Denholm, Robert G. Underhill, Mary P. Dolciani. |
| 250 ## - EDITION STATEMENT | |
| Edition statement | New Ed. |
| 260 ## - PUBLICATION, DISTRIBUTION, ETC. | |
| Place of publication, distribution, etc. | Atlanta : |
| Name of publisher, distributor, etc. | Houghon Mifflin Co. ; |
| Date of publication, distribution, etc. | c1980. |
| 300 ## - PHYSICAL DESCRIPTION | |
| Extent | xii, 508 p. : |
| Other physical details | ill. ; |
| Dimensions | 24 cm. |
| 700 ## - ADDED ENTRY--PERSONAL NAME | |
| Personal name | Underhill, Robert G. |
| Relator term | Joint Author |
| 9 (RLIN) | 2747 |
| 700 ## - ADDED ENTRY--PERSONAL NAME | |
| Personal name | Dolciani, Mary P. |
| Relator term | Joint Author |
| 9 (RLIN) | 2844 |
| 942 ## - ADDED ENTRY ELEMENTS (KOHA) | |
| Source of classification or shelving scheme | Dewey Decimal Classification |
| Koha item type | Book |
| Withdrawn status | Lost status | Source of classification or shelving scheme | Damaged status | Not for loan | Home library | Current library | Shelving location | Date acquired | Total Checkouts | Full call number | Barcode | Date last seen | Price effective from | Koha item type |
|---|---|---|---|---|---|---|---|---|---|---|---|---|---|---|
| Dewey Decimal Classification | Education Library | Education Library | Open Access Section | 17.06.2020 | 512.9 DEN | 805 | 17.06.2020 | 17.06.2020 | Book |